Liga Mistrzów 25/26 - nagła śmierć - Statystyki

Ogólne statystyki
  • Ten quiz został rozwiązany 1 061 razy
  • Średni wynik to 15 z 36
Answers on the Grid
Answers color-coded by a green-red scale on the quiz's grid according to % correct below.
AC Milan
Ajax Amsterdam
Arsenal
AS Roma
Aston Villa
Atalanta Bergamo
Athletic Bilbao
Atletico Madryt
Bayer Leverkusen
Bayern Monachium
Benfica
Bodø/Glimt
Bologna
Borussia Dortmund
Bournemouth
Brentford
Brighton
Celta Vigo
Chelsea
Club Brugge
Crystal Palace
Eintracht Frankfurt
Espanyol
Everton
FC Barcelona
FC Köln
FC Kopenhaga
FC Porto
Ferencvaros
Fiorentina
Freiburg
Fulham
Galatasaray
Getafe CF
Girona FC
Hamburger SV
Inter Mediolan
Juventus
Kajrat Almaty
Lazio
Liverpool
LOSC Lille
Manchester City
Manchester United
Monaco
Napoli
Newcastle United
Nottingham Forest
Olympiakos
Olympique Lyon
Olympique Marsylia
Pafos
PSG
PSV
Qarabag
RB Lipsk
Real Betis
Real Madryt
Real Sociedad
Royale Union Saint-Gilloise
Sevilla
Slavia Praga
Sporting CP
Sunderland
Tottenham Hotspur
TSG 1899 Hoffenheim
Union Berlin
Utrecht
VfB Stuttgart
Villareal CF
West Ham
Wolfsburg
 
Statystyki odpowiedzi
Odpowiedź % Poprawnych
Arsenal
88%
Ajax Amsterdam
67%
Atletico Madryt
62%
Bayern Monachium
57%
Atalanta Bergamo
53%
Bodø/Glimt
52%
Bayer Leverkusen
50%
Benfica
49%
Borussia Dortmund
49%
FC Barcelona
49%
Chelsea
45%
Inter Mediolan
44%
Liverpool
44%
Athletic Bilbao
42%
Manchester City
41%
Juventus
40%
PSG
40%
Galatasaray
37%
Real Madryt
37%
Club Brugge
36%
Kajrat Almaty
36%
Eintracht Frankfurt
35%
Napoli
35%
FC Kopenhaga
34%
Monaco
32%
Qarabag
32%
Newcastle United
31%
Pafos
31%
Tottenham Hotspur
31%
Olympiakos
28%
PSV
28%
Villareal CF
28%
Sporting CP
27%
Olympique Marsylia
26%
Royale Union Saint-Gilloise
21%
Slavia Praga
21%
Nie znaleziono quizów pasujących do podanych kryteriów
Rozkład punktacji
Procent ludzi z każdym wynikiem
Percentyl według liczby udzielonych odpowiedzi
Twoja historia wyników
Nie rozwiązałeś tego quizu